Come parlare di droga nella scuola Riflessioni e suggerimenti

Đã lưu trong:
Chi tiết về thư mục
Tác giả chính: Battaglia, Mauro
Tác giả khác: Coletti, Maurizio
Định dạng: Sách
Ngôn ngữ:Tiếng Anh
Được phát hành: Roma Carocci 1999
Các nhãn: Thêm thẻ
Không có thẻ, Là người đầu tiên thẻ bản ghi này!

MARC

LEADER 00000nam a2200000 4500
005 20240925165100.0
008 240724b |||||||| |||| 00| 0 eng d
020 |a 978-8843006076 
040 |c GP 
100 |a Battaglia, Mauro 
245 |a Come parlare di droga nella scuola  |b  Riflessioni e suggerimenti 
260 |a Roma  |b Carocci  |c 1999 
700 |a Coletti, Maurizio 
942 |2 ddc  |c BK  |n 0 
952 |0 0  |1 0  |2 ddc  |4 0  |6 178_800000000000000_BAT  |7 1  |9 1667  |a RM  |b RM  |d 2024-07-24  |l 0  |o 178.8 BAT  |p 6  |r 2024-07-24 16:08:06  |w 2024-07-24  |y BK 
999 |c 1480  |d 1480